000 00433nam a2200145Ia 4500
999 _c19644
_d19644
082 _a307.720954 RUR;
245 0 _aRural settlements in South Asia
260 _aNew Delhi
_bMerb Bookshelf
_c1980
300 _axi, 265p.
650 _aRural development - Sociological aspects - South Asia -
650 _aSouth Asia - Rural conditions
650 _aSocial service, Rural - South Asia
700 _aChanana, Charanjit
942 _cBK